Análisis comparativo de rendimientos y costos en sistemas de encofrados para vivienda
Gorde:
| Egile nagusia: | |
|---|---|
| Formatua: | Liburua |
| Argitaratua: |
[San José, Costa Rica]
2007
|
| Gaiak: | |
| Etiketak: |
Etiketa erantsi
Etiketarik gabe, Izan zaitez lehena erregistro honi etiketa jartzen!
|
MARC
| LEADER | 00000nam a2200000Ia 4500 | ||
|---|---|---|---|
| 003 | 009947 | ||
| 005 | 20221231144107.0 | ||
| 008 | 140114s2007 c a 000 ||s d | ||
| 040 | |c cru CEDI | ||
| 090 | |a TFG 5475 | ||
| 100 | |a Sánchez Rojas, Juan Manuel |9 4824 | ||
| 245 | |a Análisis comparativo de rendimientos y costos en sistemas de encofrados para vivienda | ||
| 260 | |c 2007 |b [San José, Costa Rica] | ||
| 300 | |a xiii, 130, [39] hojas; ilustraciones a color | ||
| 500 | |a Tesis (licenciatura en ingeniería civil)--Universidad de Costa Rica. Faultad de Ingeniería. Escuela de Ingeniería Civil | ||
| 650 | |x CONSTRUCCION |x ENCOFRADO |x COSTOS |x ANALISIS DE COSTOS |x INVESTIGACIONES |x CONSTRUCCION |x ASPECTOS AMBIENTALES |9 4825 | ||
| 942 | |c TFG | ||
| 999 | |c 16802 |d 16802 | ||
